Statistiche per Versi celebri della letteratura italiana - parte 4

Clicka qui per fare il quiz!

Statistiche generali

  • Questo quiz è stato fatto 191 volte
  • Il punteggio medio è 5 su 10

Statistiche sulle risposte

VersoAutore% Corretto
Forse perché della fatal quïete
Tu sei l’immago, a me sí cara vieni,
O Sera
Ugo Foscolo
71%
Angelica e Medor con cento nodi
legati insieme, e in cento lochi vede.
Quante lettere son, tanti son chiodi
coi quali Amore il cor gli punge e fiede.
Ludovico Ariosto
67%
Ma nel cuore
nessuna croce manca
È il mio cuore
il paese più straziato
Giuseppe Ungaretti
65%
Qui su l’arida schiena
del formidabil monte
sterminator Vesevo,
la qual null’altro allegra arbor né fiore,
tuoi cespi solitari intorno spargi,
odorata ginestra,
contenta dei deserti.
Giacomo Leopardi
54%
Settembre, andiamo. È tempo di migrare.
Ora in terra d'Abruzzi i miei pastori
lascian gli stazzi e vanno verso il mare:
Gabriele d'Annunzio
45%
Così nel mio parlar voglio esser aspro
com’è ne li atti questa bella petra,
la quale ognora impetra
maggior durezza e più natura cruda,
Dante Alighieri
41%
Italia mia, benché ’l parlar sia indarno
a le piaghe mortali
che nel bel corpo tuo sì spesse veggio,
piacemi almen che’ miei sospir’ sian quali
spera ’l Tevero et l’Arno,
e ’l Po, dove doglioso et grave or seggio.
Francesco Petrarca
41%
Alle fronde dei salici, per voto,
anche le nostre cetre erano appese,
oscillavano lievi al triste vento.
Salvatore Quasimodo
39%
Io m’aggio posto in core a Dio servire,
com’io potesse gire in paradiso,
al santo loco ch’aggio audito dire,
u’ si manten sollazzo, gioco e riso
Giacomo da Lentini
20%
Oh! mi parea,
Pur mi parea che ad altro io fossi nato,
Che ad esser capo di ladron; che il cielo
Su questa terra altro da far mi desse,
Che senza rischio, e senza onor, guastarla.
Alessandro Manzoni
16%

Distribuzione punteggi

Percentile per numero di risposta

Percentuale di utenti per punteggio

I tuoi punteggi nel tempo

Non hai fatto questo quiz